00953nam a22002657a 4500003000500000005001700005008004100022010001000063011001000073035001100083040000900094100003100103245015800134260004000292300003500332502007700367530003600444650001700480650002400497650002700521650002400548650002200572650002900594856006400623CHAP20220329143509.0100217s2009 mx r 00010 spa d a97553 a98525 a109210 cCHAP1 aPatiño Ramírez, Pablo.10aInoculación de huitlacoche (Ustilago maydis) en híbridos de maíz de Valles Altos y su mercadeo en Toluca, Méxicoc/por Pablo Patíño Ramírez aChapingo, Méx. :bEl autor,c2009 ax, 92 h. :bcuardros, gráfs. aTesis (Ing. Agr. Esp. en Fitotecnia) -- UACH. Departamento de Fitotecnia aTambién disponible en línea14aCuitlacoche.14aHongos comestibles.14aInocuidad alimentaria.14aMaízxHíbridos.14aMaízxMercadeo.14aMaízzMéxico (Edo.). 3Finding aiduhttp://10.13.5.2/tesis/109210.pdfzTeclea aqui